Loading...
India's foreign policy : Challenges and prospects /
| Main Author: | |
|---|---|
| Language: | Undetermined |
| Published: |
New Delhi :
Vikas ,
1999.
|
| LEADER | 00462nam a2200133Ia 4500 | ||
|---|---|---|---|
| 001 | 90968 | ||
| 008 | 170722s9999 xx 000 0 und d | ||
| 100 | |a Jetly, Nancy | ||
| 245 | |a India's foreign policy : |b Challenges and prospects / | ||
| 260 | |a New Delhi : |b Vikas , |c 1999. | ||
| 300 | |a 316 p. |c 24cms | ||
| 942 | |c GEN | ||
| 999 | |c 118421 |d 118421 | ||
| 952 | |0 0 |1 0 |4 0 |6 V_219_N_N9 |7 0 |9 167431 |a LIB |b LIB |d 2017-08-12 |l 3 |o V2:19.N N9 |p 232424 |r 2019-11-15 |s 2019-10-31 |v 450.00 |w 2017-08-12 |y GEN | ||